| 000 | 00342nam a22001337a 4500 | ||
|---|---|---|---|
| 008 | 210225b ||||| |||| 00| 0 eng d | ||
| 020 | _a9780683075007 | ||
| 041 | _aeng | ||
| 080 |
_22th _a615.83 |
||
| 100 | _a8 | ||
| 101 | _aEGZ | ||
| 245 |
_aTextbook of Disorders and Injuries of the Musculoskeletal System _cSalter, B.R |
||
| 942 |
_2udc _cBK |
||
| 999 |
_c55177 _d55177 |
||